[Event "41st Arco Open 2019"]
[Site "Arco"]
[Date "2019.10.08"]
[Round "5"]
[White "Palczert, Matyas"]
[Black "Ager, Josef"]
[Result "0-1"]
[WhiteElo "2009"]
[BlackElo "2154"]
[Annotator "ChessBase"]
[PlyCount "110"]
[EventDate "2019.10.04"]
[EventType "swiss"]
[EventCountry "ITA"]
[SourceTitle "playchess.com"]
[Source "ChessBase"]
[SourceQuality "1"]
[TimeControl "40/5400+30:1800+30"]

1. e4 {[%emt 0:00:30]} g6 {[%emt 0:00:30]} 2. d4 {[%emt 0:00:00]} Bg7 {[%emt 0:00:00]} 3. Nc3 {[%emt 0:00:00]} a6 {[%emt 0:00:00]} 4. f4 {[%emt 0:01:30]} b5 5. a3 {[%emt 0:02:30]} e6 {[%emt 0:01:00]} 6. Nf3 {[%emt 0:02:30]} Ne7 {[%emt 0:00:30]} 7. Be2 {[%emt 0:03:30]} d5 {[%emt 0:00:00]} 8. e5 {[%emt 0:00:00]} Nd7 {[%emt 0:00:00]} 9. Be3 {[%emt 0:06:00]} Nf5 {[%emt 0:01:30]} 10. Bf2 {[%emt 0:00:30]} h5 {[%emt 0:01:30]} 11. O-O {[%emt 0:03:30]} Bf8 {[%emt 0:00:30]} 12. Bd3 {[%emt 0:10:30]} c5 {[%emt 0:02:30]} 13. Bxf5 {[%emt 0:02:30]} gxf5 14. dxc5 {[%emt 0:02:30]} Nxc5 {[%emt 0:00:00]} 15. b4 {[%emt 0:00:00]} Ne4 {[%emt 0:03:30]} 16. Nxe4 {[%emt 0:05:00]} fxe4 {[%emt 0:00:30]} 17. Bh4 {[%emt 0:00:30]} Qb6+ {[%emt 0:00:30]} 18. Nd4 {[%emt 0:08:30]} Bd7 {[%emt 0:40:30]} 19. Bf2 {[%emt 0:03:30]} Qc7 {[%emt 0:00:00]} 20. Nb3 {[%emt 0:02:30]} Bc6 {[%emt 0:00:00]} 21. Bc5 {[%emt 0:01:30]} Bxc5+ {[%emt 0:00:00]} 22. Nxc5 {[%emt 0:00:00]} a5 {[%emt 0:00:00]} 23. Qd4 {[%emt 0:03:00]} axb4 {[%emt 0:00:00]} 24. f5 {[%emt 0:07:30]} bxa3 {[%emt 0:00:00]} 25. fxe6 {[%emt 0:00:30]} fxe6 {[%emt 0:17:30]} 26. Rf6 {[%emt 0:02:30]} Bd7 {[%emt 0:00:00]} 27. Raf1 {[%emt 0:08:30]} Qa7 {[%emt 0:00:00]} 28. Rf7 {[%emt 0:07:39]} Rc8 {[%emt 0:00:00]} 29. Nxe6 Qxd4+ {[%emt 0:00:00]} 30. Nxd4 {[%emt 0:10:50]} Rc4 {[%emt 0:27:41]} 31. e6 {[%emt 0:00:42]} Rxd4 {[%emt 0:00:00]} 32. Rxd7 {[%emt 0:00:00]} e3 {[%emt 0:00:00]} 33. Ra7 {[%emt 0:03:40]} e2 {[%emt 0:00:00]} 34. Re1 {[%emt 0:00:30]} Rf8 {[%emt 0:00:00]} 35. Ra8+ {[%emt 0:03:13]} Ke7 36. Ra7+ {[%emt 0:00:17]} Kxe6 {[%emt 0:00:00]} 37. Rxa3 Re4 {[%emt 0:00:00]} 38. Rf3 {[%emt 0:01:57]} Rc8 {[%emt 0:00:00]} 39. c3 {[%emt 0:00:24]} Kd6 {[%emt 0:00:00]} 40. Kf2 {[%emt 0:00:39]} Rce8 {[%emt 0:00:00]} 41. g3 {[%emt 0:03:09]} Kc5 {[%emt 0:00:00]} 42. Rf7 Kc4 {[%emt 0:00:00]} 43. Rf3 {[%emt 0:04:00]} b4 {[%emt 0:00:00]} 44. cxb4 {[%emt 0:00:30]} d4 {[%emt 0:00:00]} 45. Rc1+ {[%emt 0:00:30]} Kxb4 46. Rb1+ {[%emt 0:00:30]} Kc4 {[%emt 0:00:00]} 47. Rc1+ {[%emt 0:00:00]} Kd5 {[%emt 0:00:00]} 48. Ke1 {[%emt 0:01:00]} R8e5 {[%emt 0:00:00]} 49. Ra1 {[%emt 0:00:30]} Re3 {[%emt 0:00:00]} 50. Rxe3 {[%emt 0:06:08]} Rxe3 51. Kd2 {[%emt 0:01:19]} Ke4 {[%emt 0:00:00]} 52. Re1 {[%emt 0:00:00]} Kf3 {[%emt 0:00:00]} 53. Rg1 {[%emt 0:04:27]} Kf2 {[%emt 0:00:00]} 54. Re1 {[%emt 0:00:04]} d3 {[%emt 0:00:00]} 55. h3 {[%emt 0:00:27]} Rxg3 0-1